| 000 | 00599cam a2200229 i 4500 | ||
|---|---|---|---|
| 001 | 1744280 | ||
| 005 | 20180822073223.0 | ||
| 008 | 760618s1976 paua b 001 0 eng | ||
| 010 | _a 75021149 | ||
| 020 | _a0721665578 | ||
| 040 |
_aDLC _cDLC _dDLC |
||
| 041 | _aeng | ||
| 060 | _aWL368 C976 | ||
| 080 | _a617.48 | ||
| 082 | 0 | 0 | _a617.48 |
| 100 | _a7 | ||
| 101 | _aNEU | ||
| 245 | 0 | 0 |
_aCurrent controversies in neurosurgery / _cedited by T. P. Morley. |
| 504 | _aIncludes bibliographical references and index. | ||
| 906 |
_a7 _bcbc _corignew _d1 _eocip _f19 _gy-gencatlg |
||
| 942 |
_2ddc _cBK |
||
| 999 |
_c47254 _d47254 |
||